Velká Morava a počátky křesťanství /

Salvato in:
Dettagli Bibliografici
Altri autori: Kouřil Pavel (Redattore)
Natura: Libro
Lingua:ceco
Pubblicazione: Brno : Archeologický ústav Akademie věd ČR, Brno, v. v. i., 2014
Edizione:1. vydanie
Soggetti:
Tags: Aggiungi Tag
Nessun Tag, puoi essere il primo ad aggiungerne!!

MARC

LEADER 00000nam a22000003a 4500
001 0088997
003 SK-STU
005 20210622141632.5
007 ta
008 210622s ----xo-----e------000-0-----d
020 |a 978-80-86023-53-3 
040 |a STU  |b slo 
041 0 |a cze 
044 |a xr 
100 1 |a Kouřil Pavel  |4 edt  |r Z6 
245 1 0 |a Velká Morava a počátky křesťanství /  |c ed. Kouřil Pavel 
250 |a 1. vydanie 
260 |a Brno :  |b Archeologický ústav Akademie věd ČR, Brno, v. v. i.,  |c 2014 
300 |a 518 s. 
650 0 7 |a veľkomoravské predrománske pamiatky 
650 0 7 |a kostoly veľkomoravské 
650 0 7 |a Slovania 
650 0 7 |a šperky 
650 0 7 |a stavby 
650 0 7 |a rotundy 
650 0 7 |a pamiatkové objekty 
650 0 7 |a archeológia 
650 0 7 |a ranné kresťanstvo 
650 0 7 |a pohrebné rituály 
650 0 7 |a stavby cirkevné 
996 |b 284AU08630  |c A* 11894/U  |l AAKNST  |s P  |a 0  |w 0088997_0001